Pays d'Europe ayant une monarchie - Statistiques

Statistiques générales
  • Ce quiz a été pris 163 fois
  • Le résultat moyen est 11 sur 12
Statistiques - réponses
Réponse % Correct
Royaume-Uni
99%
Espagne
97%
Suède
94%
Belgique
92%
Norvège
92%
Danemark
91%
Andorre
88%
Monaco
87%
Pays-Bas
85%
Luxembourg
83%
Vatican
82%
Liechtenstein
79%
Aucun quiz correspondant
Distribution des résultats
% des personnes avec chaque résultat
Percentile par nombre de réponses
Votre historique - résultats
Vous n’avez pas pris ce quiz